| 000 | 00684nam a22002297a 4500 | ||
|---|---|---|---|
| 005 | 20160916153741.0 | ||
| 008 | 150312b xxu||||| |||| 00| 0 spa d | ||
| 041 | _aspa | ||
| 082 | _a658.15 A973f | ||
| 100 |
_aAyala Brito, Gamaliel _921221 |
||
| 100 |
_aBecerril Sánchez, Betel _921223 |
||
| 245 | _aFinanzas bursátiles | ||
| 260 |
_aMéxico _bInstituto Mexicano de Contadores Públicos _c2011 |
||
| 300 | _a272 páginas | ||
| 650 |
_aADMINISTRACION FINANCIERA _927 |
||
| 650 |
_aFINANZAS _928 |
||
| 650 |
_aMERCADO DE VALORES _916690 |
||
| 650 |
_aSOCIEDADES DE INVERSION _921225 |
||
| 650 |
_aANALISIS FINANCIERO _966 |
||
| 650 |
_aMERCADOS FINANCIEROS _95994 |
||
| 942 | _cBK | ||
| 999 |
_c3908 _d3908 |
||